[Event "Rated Blitz game"]
[Site "?"]
[Date "2021.05.22"]
[Round "?"]
[White "brunosten"]
[Black "Mettigel"]
[Result "0-1"]
[WhiteElo "2541"]
[BlackElo "2521"]
[PlyCount "132"]
[EventDate "2021.??.??"]
[EventType "blitz"]
[TimeControl "180"]

1. e4 e5 2. Nf3 Nc6 3. Nc3 Nf6 4. Nxe5 Nxe5 5. d4 Nc6 6. d5 Bb4 7. dxc6 Nxe4 8.
Qd4 Qe7 9. Be3 O-O 10. Bd3 d5 11. O-O bxc6 12. Nxe4 dxe4 13. Qxe4 Qxe4 14. Bxe4
Bb7 15. Rfd1 Bd6 16. c4 f5 17. Bf3 a5 18. c5 Be5 19. Rd7 Rad8 20. Rad1 Rxd7 21.
Rxd7 Rf7 22. Rd8+ Rf8 23. Rxf8+ Kxf8 24. b3 Bc3 25. Bf4 Bd4 26. Bxc7 a4 27. b4
Ke7 28. Bd6+ Kd7 29. b5 g6 30. h4 Bf6 31. g3 Bd4 32. Kf1 Bf6 33. Ke2 Bd4 34.
Bg2 Bf6 35. Kd3 Bg7 36. f4 Bf6 37. Be5 Be7 38. Kd4 Bf8 39. Bf3 Be7 40. Bd6 Bf6+
41. Be5 Be7 42. b6 Ba6 43. Bd1 a3 44. Bb3 h6 45. Bc4 Bb7 46. Bd3 Ke6 47. h5
gxh5 48. Bc4+ Kd7 49. Bf7 h4 50. gxh4 Bxh4 51. Bg6 Bf2+ 52. Kc4 Ba6+ 53. Kb4
Ke6 54. Bd6 Bb7 55. Be8 Be3 56. Kxa3 h5 57. Kb4 h4 58. Bh5 h3 59. Bf3 h2 60. a4
Bd2+ 61. Kb3 Ba6 62. a5 Bxa5 63. Bxc6 Bxb6 64. cxb6 Kxd6 65. Bg2 Kc5 66. b7
Bxb7 {Time forfeit} 0-1

[Event "Rated Blitz game"]
[Site "?"]
[Date "2021.05.22"]
[Round "?"]
[White "brunosten"]
[Black "Alekhine571"]
[Result "1-0"]
[WhiteElo "2533"]
[BlackElo "2456"]
[PlyCount "25"]
[EventDate "2021.??.??"]
[EventType "blitz"]
[TimeControl "180"]

1. e4 e5 2. Nf3 Nc6 3. Nc3 Nf6 4. Nxe5 Nxe5 5. d4 Nc6 6. d5 Bb4 7. dxc6 bxc6 8.
Qd4 Qe7 9. Be3 Qxe4 10. O-O-O Bxc3 11. Qxc3 Nd5 12. Qxg7 Rf8 13. Bh6 {Normal}
1-0

[Event "Rated Blitz game"]
[Site "?"]
[Date "2021.05.22"]
[Round "?"]
[White "Niemans"]
[Black "BadBishopBoy"]
[Result "0-1"]
[WhiteElo "2401"]
[BlackElo "2465"]
[PlyCount "130"]
[EventDate "2021.??.??"]
[EventType "blitz"]
[TimeControl "180"]

1. e4 e5 2. Nf3 Nc6 3. Nc3 Nf6 4. Nxe5 Nxe5 5. d4 Ng6 6. e5 Bb4 7. exf6 Qxf6 8.
Bc4 O-O 9. O-O c6 10. Ne4 Qh4 11. Bd3 h6 12. c3 Be7 13. Ng3 d5 14. Re1 Bd6 15.
Be3 Bg4 16. Qc2 Nf4 17. Bxf4 Bxf4 18. Bf5 Rfe8 19. a4 Qg5 20. Bxg4 Qxg4 21. a5
g6 22. a6 b6 23. Qd1 Qd7 24. Qf3 Bd6 25. h4 h5 26. Nf1 Qg4 27. Qxg4 hxg4 28. g3
f5 29. Kg2 Kf7 30. Ne3 Re4 31. Nc2 Rae8 32. Rxe4 Rxe4 33. Re1 Ke6 34. Rxe4+
dxe4 35. c4 Be7 36. Ne3 Bf6 37. Nc2 g5 38. h5 f4 39. Kf1 Kd6 40. Ke2 c5 41.
dxc5+ Kxc5 42. b3 b5 43. cxb5 Kxb5 44. h6 Kxa6 45. Nb4+ Kb5 46. Nd5 Be5 47. Ne7
a5 48. Ng6 Bf6 49. h7 Kb4 50. gxf4 gxf4 51. Nxf4 Kxb3 52. Nd5 Bh8 53. Nb6 a4
54. Nxa4 Kxa4 55. Ke3 Kb5 56. Kxe4 Kc4 57. Kf5 Kd3 58. Kxg4 Ke2 59. Kh5 Kxf2
60. Kh4 Kf3 61. Kh3 Kf4 62. Kh2 Kf5 63. Kh1 Kf6 64. Kh2 Kf7 65. Kh1 Kg7 {
Time forfeit} 0-1

[Event "Rated Blitz game"]
[Site "?"]
[Date "2021.05.22"]
[Round "?"]
[White "Din-don-dan"]
[Black "juniortay"]
[Result "0-1"]
[WhiteElo "2401"]
[BlackElo "2435"]
[PlyCount "22"]
[EventDate "2021.??.??"]
[EventType "blitz"]
[TimeControl "180"]

1. e4 e5 2. Nf3 Nf6 3. Nc3 Nc6 4. Nxe5 Bc5 5. Nxc6 dxc6 6. Be2 Qd4 7. O-O h5 8.
d3 Ng4 9. Bxg4 hxg4 10. Be3 Qe5 11. Bxc5 Qxh2# {Normal} 0-1

[Event "Rated Blitz game"]
[Site "?"]
[Date "2021.05.22"]
[Round "?"]
[White "khalid_ontawar"]
[Black "mocaspoke"]
[Result "1-0"]
[WhiteElo "2455"]
[BlackElo "2518"]
[PlyCount "63"]
[EventDate "2021.??.??"]
[EventType "blitz"]
[TimeControl "180"]

1. e4 e5 2. Nc3 Nf6 3. Nf3 Nc6 4. Nxe5 Nxe5 5. d4 Ng6 6. e5 Ng8 7. Bc4 d5 8.
Bxd5 Bb4 9. Qf3 Be6 10. Bxb7 Rb8 11. Bc6+ Kf8 12. Be3 N8e7 13. Be4 Ba5 14. O-O
Rxb2 15. Na4 Rb4 16. Nc5 Bd5 17. a3 Rb6 18. Rab1 c6 19. e6 f5 20. Nd7+ Ke8 21.
Nxb6 Bxe4 22. Qe2 axb6 23. c4 Bxb1 24. Rxb1 f4 25. d5 fxe3 26. Qxe3 cxd5 27.
Rd1 d4 28. Qb3 Qd6 29. c5 Qxc5 30. h3 Rf8 31. Qa4+ Qb5 32. Qxb5+ {Normal} 1-0

[Event "Rated Blitz game"]
[Site "?"]
[Date "2021.05.21"]
[Round "?"]
[White "weeza"]
[Black "King_Moaty"]
[Result "0-1"]
[WhiteElo "2406"]
[BlackElo "2333"]
[PlyCount "132"]
[EventDate "2021.??.??"]
[EventType "blitz"]
[TimeControl "180"]

1. e4 e5 2. Nf3 Nc6 3. Nc3 Nf6 4. Nxe5 Nxe5 5. d4 Nc6 6. e5 Qe7 7. Be2 Nxe5 8.
dxe5 Qxe5 9. O-O Bb4 10. a3 Bxc3 11. bxc3 O-O 12. Rb1 d5 13. Be3 Re8 14. Bd3
Qxc3 15. Bd4 Qc6 16. Qf3 Re6 17. Rfe1 Ne4 18. c4 Nd2 19. Qh5 Rh6 20. Qxd5 Be6
21. Qxc6 bxc6 22. Rb7 Nxc4 23. Rxe6 Rxe6 24. Bxc4 Re4 25. Rb4 a5 26. Ra4 Rd8
27. g3 Rdxd4 28. Rxa5 g6 29. Ba6 Ra4 30. Rc5 Rxa6 31. Kg2 Rea4 32. Rc3 Rxa3 33.
Rc5 Ra2 34. Re5 Kg7 35. Re7 Rc2 36. Rd7 Ra3 37. Kh3 Raa2 38. f3 h6 39. Kg4 h5+
40. Kf4 Rxh2 41. Rd4 Rhc2 42. Re4 Rc3 43. Ke5 Rac2 44. f4 Rc5+ 45. Kd4 R5c4+
46. Kd3 R2c3+ 47. Kd2 Rxe4 48. Kxc3 Re3+ 49. Kd4 Rxg3 50. Ke4 Rg4 51. Ke5 Rxf4
52. Kxf4 c5 53. Kg5 c4 54. Kf4 h4 55. Kg5 c3 56. Kf4 c2 57. Kg5 c1=Q+ 58. Kg4
Qh6 59. Kh3 Qf4 60. Kg2 Qg5+ 61. Kf2 Qg3+ 62. Ke2 h3 63. Kd2 h2 64. Ke2 h1=Q
65. Kd2 Qhh2+ 66. Kd1 Qgg1# {Normal} 0-1

[Event "Rated Blitz game"]
[Site "?"]
[Date "2021.05.21"]
[Round "?"]
[White "weeza"]
[Black "MRMANiA"]
[Result "0-1"]
[WhiteElo "2381"]
[BlackElo "2481"]
[PlyCount "76"]
[EventDate "2021.??.??"]
[EventType "blitz"]
[TimeControl "180"]

1. e4 e5 2. Nf3 Nc6 3. Nc3 Nf6 4. Nxe5 Nxe5 5. d4 Ng6 6. e5 Bb4 7. exf6 Bxc3+
8. bxc3 Qxf6 9. Bc4 Qc6 10. Qe2+ Kd8 11. Bxf7 Qxg2 12. Rf1 d6 13. Ba3 Bh3 14.
O-O-O Qg5+ 15. Kb1 Bxf1 16. Rxf1 Qf6 17. Bd5 Re8 18. Qc4 c6 19. Bg2 d5 20. Qc5
b6 21. Qb4 Kc7 22. Qa4 Re2 23. Rc1 Rxf2 24. Bh3 Rf3 25. Bg4 Rxc3 26. Re1 Rc4
27. Qb3 Qxd4 28. h3 Rc3 29. Qb2 c5 30. Rd1 Qc4 31. Be2 Qxe2 32. Qxc3 Qxd1+ 33.
Bc1 Re8 34. Qxg7+ Re7 35. Qxh7 Rxh7 36. h4 Rxh4 37. Kb2 Rb4+ 38. Kc3 Qd4# {
Normal} 0-1

[Event "Rated Blitz game"]
[Site "?"]
[Date "2021.05.21"]
[Round "?"]
[White "TMViktoker"]
[Black "VizeDietze"]
[Result "1-0"]
[WhiteElo "2424"]
[BlackElo "2448"]
[PlyCount "57"]
[EventDate "2021.??.??"]
[EventType "blitz"]
[TimeControl "180"]

1. e4 e5 2. Nf3 Nc6 3. Nc3 Nf6 4. Nxe5 Nxe5 5. d4 Ng6 6. e5 Ng8 7. Bc4 d5 8.
Bxd5 c6 9. Bb3 Be6 10. O-O Bxb3 11. axb3 N8e7 12. f4 Nf5 13. Ne2 h5 14. Qd3 Qd7
15. c3 Be7 16. g3 O-O 17. h3 a6 18. g4 hxg4 19. hxg4 Nxd4 20. cxd4 Qxg4+ 21.
Kh1 Kh7 22. Qf3 Qxf3+ 23. Rxf3 Nh4 24. Rh3 g6 25. Ng3 Kg7 26. f5 Nxf5 27. Nxf5+
gxf5 28. Bh6+ Kg8 29. Rg1+ {Normal} 1-0

[Event "Rated Rapid game"]
[Site "?"]
[Date "2021.05.21"]
[Round "?"]
[White "Alphazeno"]
[Black "compte_galere"]
[Result "0-1"]
[WhiteElo "2332"]
[BlackElo "2401"]
[PlyCount "58"]
[EventDate "2021.??.??"]
[EventType "rapid"]
[TimeControl "600"]

1. e4 e5 2. Nf3 Nf6 3. Nc3 Nc6 4. Nxe5 Nxe5 5. d4 Ng6 6. e5 Ng8 7. Bc4 Bb4 8.
O-O Bxc3 9. bxc3 d5 10. Bd3 N8e7 11. f4 Bf5 12. g4 Bxd3 13. Qxd3 Nc6 14. f5 Nf8
15. Rb1 b6 16. Ba3 Qd7 17. Rbe1 O-O-O 18. Bxf8 Rhxf8 19. e6 fxe6 20. fxe6 Rxf1+
21. Qxf1 Qd6 22. Qf7 Qe7 23. Kg2 Rf8 24. Qxe7 Nxe7 25. Rf1 Rxf1 26. Kxf1 c6 27.
Kf2 Kc7 28. Kf3 Kd6 29. Kf4 Kxe6 {Normal} 0-1

[Event "Rated Blitz tournament hAxCDbC7"]
[Site "?"]
[Date "2021.05.21"]
[Round "?"]
[White "GoughPhar"]
[Black "bambangsunariyantoMN"]
[Result "1-0"]
[WhiteElo "2444"]
[BlackElo "2202"]
[PlyCount "87"]
[EventDate "2021.??.??"]
[EventType "blitz"]
[TimeControl "180"]

1. e4 e5 2. Nf3 Nf6 3. Nc3 Nc6 4. Nxe5 Nxe5 5. d4 Ng6 6. e5 Ng8 7. Bc4 d6 8.
Qf3 Be6 9. Qxb7 Bxc4 10. Qc6+ Qd7 11. Qxa8+ Ke7 12. b3 Be6 13. Ba3 f5 14. O-O
Kf7 15. Rae1 dxe5 16. Bxf8 Nxf8 17. d5 e4 18. dxe6+ Nxe6 19. Qd5 Qxd5 20. Nxd5
Nf6 21. Nxf6 Kxf6 22. f3 exf3 23. Rxf3 g6 24. Rfe3 Nd4 25. Rc3 c6 26. Rc4 Rd8
27. Kf2 Rd6 28. Rd1 Ke5 29. c3 Ne6 30. Rxd6 Kxd6 31. Ra4 h5 32. Rxa7 Nc5 33.
Rg7 g5 34. Rh7 h4 35. c4 Ne4+ 36. Ke3 c5 37. a4 Ke5 38. Re7+ Kd6 39. Re8 Nf6
40. Rd8+ Ke7 41. Rd1 Ke6 42. a5 f4+ 43. Kf3 Kf5 44. h3 {Normal} 1-0

[Event "Rated Blitz game"]
[Site "?"]
[Date "2021.05.21"]
[Round "?"]
[White "brunosten"]
[Black "Chesstomioka"]
[Result "0-1"]
[WhiteElo "2540"]
[BlackElo "2534"]
[PlyCount "134"]
[EventDate "2021.??.??"]
[EventType "blitz"]
[TimeControl "180"]

1. e4 e5 2. Nf3 Nc6 3. Nc3 Nf6 4. Nxe5 Nxe5 5. d4 Nc6 6. d5 Bb4 7. dxc6 bxc6 8.
Bd3 d5 9. exd5 cxd5 10. O-O O-O 11. Bg5 c6 12. Qf3 Rb8 13. Bxf6 Qxf6 14. Qxf6
gxf6 15. Ne2 Bd6 16. b3 c5 17. Ng3 Be6 18. Rfe1 c4 19. Bf5 Be5 20. Rad1 a5 21.
f4 Bc3 22. Rxe6 fxe6 23. Bxe6+ Kg7 24. Nf5+ Kh8 25. Bxd5 cxb3 26. axb3 Rbd8 27.
Rd3 Bb4 28. g3 Rd7 29. Kf2 Rfd8 30. c4 Ra7 31. h4 a4 32. bxa4 Rxa4 33. g4 Bc5+
34. Kg3 Re8 35. g5 fxg5 36. hxg5 Rf8 37. Kg4 Ra1 38. Ng3 Rg1 39. Rf3 Bd6 40.
Be6 Kg7 41. Kh5 Rxf4 42. Nf5+ Kf8 43. Rh3 Be7 44. Nxe7 Kxe7 45. Bg8 Rf5 46.
Re3+ Kf8 47. Bxh7 Rfxg5+ 48. Kh6 R5g2 49. Rf3+ Ke7 50. Bf5 Rh2+ 51. Bh3 Rgh1
52. Kg5 Rxh3 53. Rxh3 Rxh3 54. Kg4 Rc3 55. Kf4 Kd6 56. Ke4 Rxc4+ 57. Kd3 Kd5
58. Ke3 Rd4 59. Ke2 Ke4 60. Kf2 Rd3 61. Kg2 Re3 62. Kf2 Kf4 63. Kf1 Kf3 64. Kg1
Re2 65. Kf1 Rf2+ 66. Kg1 Kg3 67. Kh1 Rf1# {Normal} 0-1

[Event "Rated Blitz game"]
[Site "?"]
[Date "2021.05.21"]
[Round "?"]
[White "Niemans"]
[Black "Tugaichess"]
[Result "1-0"]
[WhiteElo "2400"]
[BlackElo "2437"]
[PlyCount "121"]
[EventDate "2021.??.??"]
[EventType "blitz"]
[TimeControl "180"]

1. e4 e5 2. Nf3 Nc6 3. Nc3 Nf6 4. Nxe5 Nxe5 5. d4 Ng6 6. e5 Bb4 7. exf6 Qxf6 8.
Bc4 O-O 9. O-O c6 10. Ne4 Qd8 11. d5 b5 12. Bb3 Kh8 13. c3 Be7 14. d6 Bf6 15.
Re1 a5 16. a4 Ba6 17. Nc5 b4 18. cxb4 axb4 19. Qg4 Ne5 20. Qxb4 Nd3 21. Nxd3
Bxd3 22. Qd2 Bg6 23. a5 c5 24. Bd5 Ra6 25. Bb7 Ra7 26. a6 Qb6 27. Ra3 Qb5 28.
Qe2 c4 29. Be3 Bxb2 30. Ra2 Bc3 31. Bxa7 Bd3 32. Qd1 Bxe1 33. Qxe1 c3 34. Be3
Qb3 35. Ra1 c2 36. Qc1 h5 37. Bf3 Qc4 38. a7 Be4 39. Bxe4 Qxe4 40. Ra2 Rc8 41.
h3 g6 42. Rxc2 Rxc2 43. Qxc2 Qxc2 44. a8=Q+ Kg7 45. Bd4+ Kh6 46. Qd5 Qd1+ 47.
Kh2 f6 48. Qf3 Qxf3 49. gxf3 f5 50. Kg3 Kh7 51. Be3 h4+ 52. Kf4 g5+ 53. Ke5 f4
54. Bxf4 gxf4 55. Kxf4 Kg6 56. Kg4 Kf6 57. Kxh4 Ke6 58. Kg4 Kxd6 59. h4 Ke6 60.
h5 Kf6 61. h6 {Time forfeit} 1-0

[Event "Rated Blitz game"]
[Site "?"]
[Date "2021.05.21"]
[Round "?"]
[White "forbiddencheapos"]
[Black "Fairy_ChessPlayer"]
[Result "1-0"]
[WhiteElo "2427"]
[BlackElo "2280"]
[PlyCount "33"]
[EventDate "2021.??.??"]
[EventType "blitz"]
[TimeControl "300"]

1. e4 e5 2. Nf3 Nc6 3. Nc3 Nf6 4. Nxe5 Nxe5 5. d4 Nc6 6. d5 Nb8 7. e5 Ke7 8.
d6+ Ke8 9. exf6 Qxf6 10. Qe2+ Qe6 11. dxc7 Nc6 12. Bf4 Bb4 13. O-O-O Qxe2 14.
Bxe2 Bxc3 15. bxc3 f6 16. Bc4 Ne5 17. Rhe1 {Normal} 1-0

[Event "Rated Blitz game"]
[Site "?"]
[Date "2021.05.21"]
[Round "?"]
[White "TMViktoker"]
[Black "Shirli-Mirli"]
[Result "1-0"]
[WhiteElo "2413"]
[BlackElo "2442"]
[PlyCount "63"]
[EventDate "2021.??.??"]
[EventType "blitz"]
[TimeControl "180"]

1. e4 e5 2. Nf3 Nc6 3. Nc3 Nf6 4. Nxe5 Nxe5 5. d4 Nc6 6. d5 Nb8 7. e5 Ng8 8. d6
c6 9. Bc4 Qh4 10. Qe2 Na6 11. Be3 b5 12. Bb3 Bb7 13. O-O-O Nh6 14. g3 Qg4 15.
f3 Qf5 16. Bf4 g5 17. Bd2 Bg7 18. Rhe1 O-O-O 19. g4 Qg6 20. Ne4 f6 21. Qf2 Kb8
22. e6 dxe6 23. Be3 f5 24. Bxa7+ Ka8 25. Nc5 Qf6 26. c3 Rb8 27. Bxb8 Nxb8 28.
Rxe6 Qd8 29. Re7 fxg4 30. Nxb7 g3 31. hxg3 Bf6 32. Nxd8 {Normal} 1-0

[Event "Rated Blitz tournament udvU5rTx"]
[Site "?"]
[Date "2021.05.21"]
[Round "?"]
[White "vladlitus"]
[Black "Merikard"]
[Result "0-1"]
[WhiteElo "2433"]
[BlackElo "2374"]
[PlyCount "124"]
[EventDate "2021.??.??"]
[EventType "blitz"]
[TimeControl "180"]

1. e4 e5 2. Nc3 Nf6 3. Nf3 Nc6 4. Nxe5 Nxe5 5. d4 Ng6 6. e5 Ng8 7. Bc4 d5 8.
Bxd5 c6 9. Be4 N8e7 10. O-O Bf5 11. Be3 Bxe4 12. Nxe4 Nf5 13. c3 Be7 14. Qh5
Nxe3 15. fxe3 O-O 16. Rf3 h6 17. Raf1 c5 18. Ng3 Qb6 19. Nf5 Rae8 20. Rh3 Bg5
21. Nd6 cxd4 22. exd4 Rxe5 23. Nc4 Qe6 24. Nxe5 Nf4 25. Rxf4 Bxf4 26. Nd3 Bg5
27. Qd1 Re8 28. Rf3 Qxa2 29. g3 Qd5 30. Kf2 Qe6 31. Kg2 Qe2+ 32. Qxe2 Rxe2+ 33.
Rf2 Re3 34. Rf3 Re2+ 35. Rf2 Re3 36. Ne5 Bf6 37. Ng4 Re6 38. Nxf6+ gxf6 39. Kf3
Kg7 40. Rd2 a5 41. c4 Rb6 42. Ke4 Kf8 43. c5 Rb3 44. Kd5 Ke7 45. Re2+ Kd7 46.
Rf2 a4 47. Kc4 b5+ 48. Kd5 b4 49. Rxf6 Rxb2 50. Rxf7+ Ke8 51. Ra7 a3 52. Kd6 a2
53. c6 Rc2 54. c7 b3 55. Ra8+ Kf7 56. d5 Rxc7 57. Kxc7 b2 58. d6 b1=Q 59. d7
Qc2+ 60. Kb6 Qb3+ 61. Kc7 Qc3+ 62. Kd6 a1=Q {Time forfeit} 0-1

[Event "Rated Blitz game"]
[Site "?"]
[Date "2021.05.20"]
[Round "?"]
[White "levmiseri"]
[Black "m_sakha"]
[Result "0-1"]
[WhiteElo "2296"]
[BlackElo "2443"]
[PlyCount "78"]
[EventDate "2021.??.??"]
[EventType "blitz"]
[TimeControl "180+2"]

1. e4 e5 2. Nf3 Nc6 3. Nc3 Nf6 4. Nxe5 Nxe5 5. d4 Ng6 6. e5 Ng8 7. Bc4 Bb4 8.
O-O Bxc3 9. bxc3 d5 10. Bd3 f5 11. exf6 Nxf6 12. Re1+ Kf7 13. Bg5 Qd6 14. Qf3
Bd7 15. c4 Bg4 16. Qe3 Rae8 17. Qd2 dxc4 18. Bxc4+ Be6 19. Rxe6 Rxe6 20. Re1
Rhe8 21. f4 Nd5 22. Rf1 Nge7 23. f5 Rf6 24. Bxf6 Qxf6 25. g4 c6 26. Bd3 h6 27.
Be2 Qg5 28. Qd3 Kg8 29. Qb3 Kh7 30. Bf3 Qe3+ 31. Qxe3 Nxe3 32. Rb1 b6 33. Re1
Nxc2 34. Rd1 Nb4 35. Re1 Kg8 36. Re6 Kf7 37. a3 Nbd5 38. g5 hxg5 39. Bh5+ g6 {
Normal} 0-1

[Event "Rated Blitz tournament 7uguc7zz"]
[Site "?"]
[Date "2021.05.20"]
[Round "?"]
[White "Miqo2143"]
[Black "KreuzritterImZoo"]
[Result "1-0"]
[WhiteElo "2461"]
[BlackElo "2725"]
[PlyCount "133"]
[EventDate "2021.??.??"]
[EventType "blitz"]
[TimeControl "180"]

1. e4 e5 2. Nf3 Nc6 3. Nc3 Nf6 4. Nxe5 Nxe5 5. d4 Ng6 6. e5 Ng8 7. Bc4 d6 8.
Qf3 Qd7 9. O-O Qf5 10. Bb5+ Kd8 11. Qg3 Nh6 12. Bg5+ f6 13. exf6 gxf6 14. Rae1
c6 15. Bxh6 Bxh6 16. Qxd6+ Bd7 17. Bd3 Qf4 18. Qb4 Bf8 19. Qxb7 Rb8 20. Qxa7
Bd6 21. g3 Qg4 22. Ne4 Bc7 23. Nxf6 Qh3 24. Nxd7 Qxd7 25. Qc5 Bd6 26. Qh5 Kc7
27. Bf5 Qf7 28. b3 Rhf8 29. Be6 Qf6 30. Bc4 Rbe8 31. Rxe8 Rxe8 32. Qd1 Re7 33.
Re1 Rxe1+ 34. Qxe1 Qxd4 35. Qe6 Ne5 36. Bf1 Bc5 37. Qf5 Qd5 38. Qf4 Kb6 39. Bg2
Qd1+ 40. Bf1 Nf3+ 41. Kg2 Ne1+ 42. Kh3 Qh5+ 43. Qh4 Qf5+ 44. g4 Qxf2 45. Qxf2
Bxf2 46. g5 Bd4 47. Kg4 Bg7 48. Kf5 Nxc2 49. Ke6 Ne3 50. Kf7 Bd4 51. g6 hxg6
52. Bd3 Ng4 53. Bxg6 Ne5+ 54. Kg7 Nf3+ 55. Kf7 Nxh2 56. Kf8 Nf3 57. Ke8 Ne5 58.
Bf7 Ng6 59. Be6 Nf4 60. Bf7 Bc5 61. Be6 Nd5 62. Bd7 Nb4 63. Kd8 Nd5 64. Kc8 Nb4
65. Be8 Bd6 66. Bxc6 Bc7 67. Bd7 {Time forfeit} 1-0

[Event "Rated Blitz tournament 52iaaUPO"]
[Site "?"]
[Date "2021.05.20"]
[Round "?"]
[White "Pepeoutai"]
[Black "gkiss"]
[Result "0-1"]
[WhiteElo "2408"]
[BlackElo "2404"]
[PlyCount "66"]
[EventDate "2021.??.??"]
[EventType "blitz"]
[TimeControl "180"]

1. e4 e5 2. Nf3 Nc6 3. Nc3 Nf6 4. Nxe5 Nxe5 5. d4 Ng6 6. e5 Ng8 7. Bc4 d6 8.
Qf3 f5 9. O-O dxe5 10. dxe5 c6 11. Re1 Bc5 12. b4 Bxb4 13. Bb2 N8e7 14. Rad1
Qc7 15. Re3 b5 16. Bb3 Bb7 17. Qh5 c5 18. Be6 Rd8 19. Rxd8+ Qxd8 20. Rd3 Qc7
21. Nxb5 Qb6 22. Nd6+ Kd8 23. Nxb7+ Kc7 24. Nd6 Rd8 25. Bxf5 c4 26. Rd1 c3 27.
Bc1 Nxe5 28. Be3 Bc5 29. Bxc5 Qxc5 30. Ne4 Rxd1+ 31. Qxd1 Qd5 32. Nxc3 Qxd1+
33. Nxd1 Nxf5 {Normal} 0-1

[Event "Rated Blitz tournament 7uguc7zz"]
[Site "?"]
[Date "2021.05.20"]
[Round "?"]
[White "Miqo2143"]
[Black "ALEKSANDROV73"]
[Result "1-0"]
[WhiteElo "2491"]
[BlackElo "2752"]
[PlyCount "139"]
[EventDate "2021.??.??"]
[EventType "blitz"]
[TimeControl "180"]

1. e4 e5 2. Nf3 Nc6 3. Nc3 Nf6 4. Nxe5 Nxe5 5. d4 Nc6 6. d5 Bb4 7. dxc6 bxc6 8.
Bd3 O-O 9. O-O Re8 10. Re1 d5 11. e5 Ng4 12. Bf4 Bc5 13. Bg3 Rb8 14. h3 Nh6 15.
Rb1 Nf5 16. Bxf5 Bxf5 17. Qd2 h6 18. Ne2 Qg5 19. Qxg5 hxg5 20. Rec1 a5 21. Kf1
a4 22. a3 Rb7 23. Nc3 Ra8 24. f3 Bd4 25. Bf2 Bxe5 26. Ke2 f6 27. Kd2 Kf7 28.
Re1 Bg6 29. Na2 Bd6 30. Nb4 Bxb4+ 31. axb4 Rxb4 32. Bc5 Rb5 33. Re7+ Kg8 34.
Ba3 Rc8 35. Rbe1 d4 36. Rd7 Rd5 37. Ree7 Rxd7 38. Rxd7 d3 39. cxd3 Bf5 40. Rd4
Ra8 41. Rb4 Ra7 42. Rb8+ Kf7 43. Bc5 Ra5 44. d4 Rb5 45. Rxb5 cxb5 46. Kc3 Ke6
47. Kb4 c6 48. Kc3 Bg6 49. g3 Kd5 50. h4 Bh5 51. hxg5 Bxf3 52. gxf6 gxf6 53.
Ba7 f5 54. Bb8 Ke4 55. Bf4 Be2 56. Be5 Bc4 57. Bf4 Bd5 58. Bb8 Kf3 59. Bf4 Ke4
60. Be5 c5 61. Bf6 b4+ 62. Kd2 c4 63. Be7 a3 64. bxa3 b3 65. Kc3 Bc6 66. Bd6
Bd7 67. Bf4 Bc6 68. Kb2 Kd5 69. a4 Bxa4 70. Kc3 {Time forfeit} 1-0

[Event "Rated Blitz game"]
[Site "?"]
[Date "2021.05.20"]
[Round "?"]
[White "Parkrunner2038"]
[Black "KingMorra"]
[Result "1-0"]
[WhiteElo "2419"]
[BlackElo "2434"]
[PlyCount "85"]
[EventDate "2021.??.??"]
[EventType "blitz"]
[TimeControl "180+2"]

1. e4 Nf6 2. Nc3 e5 3. Nf3 Nc6 4. Nxe5 Nxe5 5. d4 Bb4 6. dxe5 Nxe4 7. Qd4 Bxc3+
8. bxc3 Ng5 9. Ba3 Ne6 10. Qd2 b6 11. Bc4 c5 12. Bd5 Rb8 13. O-O O-O 14. c4 Re8
15. f4 d6 16. Bb2 dxe5 17. Bxe5 Rb7 18. Rad1 Rbe7 19. Qc3 Nd4 20. Bxd4 cxd4 21.
Qxd4 Qc7 22. f5 Qe5 23. Qxe5 Rxe5 24. f6 g6 25. h3 Bf5 26. Rd2 Re2 27. Rf2 Rxd2
28. Rxd2 Kf8 29. g4 Bc8 30. Kf2 Rd8 31. Ke3 h6 32. Kf4 g5+ 33. Ke5 Re8+ 34. Kd4
Rd8 35. Re2 Rd6 36. Re7 Rxf6 37. Rxa7 h5 38. Ra8 hxg4 39. Rxc8+ Kg7 40. hxg4
Rf4+ 41. Ke5 Rxg4 42. Rb8 Rg2 43. Bxg2 {Normal} 1-0

[Event "Rated Blitz game"]
[Site "?"]
[Date "2021.05.20"]
[Round "?"]
[White "Pbring81"]
[Black "GeenLouisV"]
[Result "0-1"]
[WhiteElo "2295"]
[BlackElo "2450"]
[PlyCount "74"]
[EventDate "2021.??.??"]
[EventType "blitz"]
[TimeControl "180"]

1. e4 e5 2. Nc3 Nc6 3. Nf3 Nf6 4. Nxe5 Nxe5 5. d4 Nc6 6. d5 Ne5 7. f4 Ng6 8. e5
Bb4 9. exf6 Qxf6 10. Qe2+ Kd8 11. Qd3 Nxf4 12. Bxf4 Qxf4 13. Be2 d6 14. Rf1 Qg5
15. a3 Bxc3+ 16. Qxc3 Bf5 17. g3 Re8 18. Kd1 Bg4 19. Bxg4 Qxg4+ 20. Kc1 Re5 21.
Kb1 f6 22. Ka2 Kd7 23. Rf4 Qe2 24. Qb3 a6 25. Qxb7 Rc8 26. Qc6+ Ke7 27. Rb4 Kf8
28. Rb7 Qd2 29. c4 Re2 30. Qd7 Rce8 31. Qxc7 R2e7 32. Qc6 Rxb7 33. Qxb7 Qd4 34.
Qb4 Re2 35. Qxd6+ Kf7 36. Qd7+ Kg6 37. Qa4 Qxb2# {Normal} 0-1

[Event "Rated Blitz game"]
[Site "?"]
[Date "2021.05.19"]
[Round "?"]
[White "CavaloDiTroia"]
[Black "mozayr"]
[Result "1-0"]
[WhiteElo "2282"]
[BlackElo "2400"]
[PlyCount "51"]
[EventDate "2021.??.??"]
[EventType "blitz"]
[TimeControl "180"]

1. e4 e5 2. Nf3 Nc6 3. Nc3 Nf6 4. Nxe5 Nxe5 5. d4 Nc6 6. d5 Bb4 7. dxc6 Nxe4 8.
Qd4 Qe7 9. Be2 Bxc3+ 10. bxc3 f5 11. cxb7 Bxb7 12. O-O O-O 13. Rb1 Bc6 14. Bc4+
Kh8 15. f3 Nd6 16. Ba3 Rfe8 17. Rbe1 Qxe1 18. Rxe1 Rxe1+ 19. Kf2 Rae8 20. Bxd6
cxd6 21. Qxd6 h6 22. h4 a6 23. Bxa6 Ra8 24. Bc4 Rc1 25. Bd3 Rf8 26. Qxf8+ {
Normal} 1-0

[Event "Rated Blitz game"]
[Site "?"]
[Date "2021.05.19"]
[Round "?"]
[White "Salimskyi"]
[Black "YaYestGrut"]
[Result "0-1"]
[WhiteElo "2455"]
[BlackElo "2447"]
[PlyCount "44"]
[EventDate "2021.??.??"]
[EventType "blitz"]
[TimeControl "180"]

1. e4 e5 2. Nf3 Nf6 3. Nc3 Nc6 4. Nxe5 Nxe5 5. d4 Ng6 6. e5 Ng8 7. Bc4 d5 8.
Bxd5 N8e7 9. Bb3 Bf5 10. Be3 c6 11. O-O Qd7 12. h3 h5 13. Ne2 O-O-O 14. c3 Kb8
15. Bc2 f6 16. Bxf5 Qxf5 17. exf6 gxf6 18. Ng3 Qd7 19. Nxh5 Nd5 20. Qg4 Qf7 21.
Qg3+ Bd6 22. Qf3 Nh4 {Normal} 0-1

[Event "Rated Blitz game"]
[Site "?"]
[Date "2021.05.19"]
[Round "?"]
[White "weeza"]
[Black "compte_galere"]
[Result "0-1"]
[WhiteElo "2407"]
[BlackElo "2486"]
[PlyCount "62"]
[EventDate "2021.??.??"]
[EventType "blitz"]
[TimeControl "180"]

1. e4 e5 2. Nf3 Nf6 3. Nc3 Nc6 4. Nxe5 Nxe5 5. d4 Ng6 6. e5 Ng8 7. f4 d5 8. Bd3
c5 9. O-O cxd4 10. Ne2 Bc5 11. Kh1 Nh6 12. b4 Bb6 13. a4 a6 14. f5 Nxe5 15.
Bxh6 Nxd3 16. Qxd3 gxh6 17. Nxd4 Qf6 18. Rae1+ Kf8 19. Nb3 Kg7 20. Qxd5 Rd8 21.
Qe4 Bd7 22. Rf3 Bc6 23. Rg3+ Kh8 24. Qc4 Rac8 25. Qf1 Bc7 26. Rh3 Re8 27. Nc5
Rxe1 28. Qxe1 Qxf5 29. Rxh6 Bxg2+ 30. Kxg2 Rg8+ 31. Kh1 Qf3# {Normal} 0-1

[Event "Rated Blitz game"]
[Site "?"]
[Date "2021.05.19"]
[Round "?"]
[White "forbiddencheapos"]
[Black "chelipa"]
[Result "1-0"]
[WhiteElo "2461"]
[BlackElo "2305"]
[PlyCount "63"]
[EventDate "2021.??.??"]
[EventType "blitz"]
[TimeControl "300"]

1. e4 e5 2. Nf3 Nc6 3. Nc3 Nf6 4. Nxe5 Nxe5 5. d4 Nc6 6. d5 Nb8 7. e5 Ng8 8. d6
cxd6 9. exd6 Qf6 10. Qe2+ Kd8 11. Ne4 Qe6 12. Bf4 f5 13. Ng5 Qxe2+ 14. Bxe2 Nh6
15. O-O-O Nc6 16. Rhe1 g6 17. Bf3 Bg7 18. Bxc6 dxc6 19. Re7 Bf6 20. Ne6+ Bxe6
21. Rxe6 Bg7 22. Bg5+ Kc8 23. d7+ Kc7 24. d8=Q+ Raxd8 25. Bxd8+ Rxd8 26. Re7+
Kc8 27. Rxd8+ Kxd8 28. Rxg7 Ng4 29. f3 Nf6 30. Rxb7 Nd7 31. Rxa7 Ke7 32. Rxd7+
{Normal} 1-0